Possession regained (Record no. 67203)

MARC details
000 -LEADER
fixed length control field 00934cam a2200205 4500
001 - CONTROL NUMBER
control field WB3721-13
008 - FIXED-LENGTH DATA ELEMENTS--GENERAL INFORMATION
fixed length control field 000000n2001 000 0 eng u
035 ## - SYSTEM CONTROL NUMBER
System control number (Sirsi) u112887
245 ## - TITLE STATEMENT
Title Possession regained
260 ## - PUBLICATION, DISTRIBUTION, ETC.
Date of publication, distribution, etc. 2001
490 ## - SERIES STATEMENT
Series statement Estates Gazette
Volume/sequential designation (0121) 26 May 2001, 163(1)
520 ## - SUMMARY, ETC.
Summary, etc. Discusses the consequences of the HL ruling in "Cadogan Estates Ltd v McMahon". At issue was whether a landlord was entitled to regain possession under Rent Act 1977 Case 1 from a tenant who was bankrupt. It concluded that a proviso for re-entry can, for the purposes of the Rent Act, be regarded as creating an obligation and therefore a tenant who is made bankrupt is susceptible to a possession order.
590 ## - LOCAL NOTE (RLIN)
Local note WB
650 ## - SUBJECT ADDED ENTRY--TOPICAL TERM
Topical term or geographic name entry element CADOGAN ESTATES LTD V MCMAHON
650 ## - SUBJECT ADDED ENTRY--TOPICAL TERM
Topical term or geographic name entry element RENT ACT TENANCIES
650 ## - SUBJECT ADDED ENTRY--TOPICAL TERM
Topical term or geographic name entry element RENT ACT 1977 SCH 15 CASE 1
650 ## - SUBJECT ADDED ENTRY--TOPICAL TERM
Topical term or geographic name entry element BANKRUPTCY
690 ## - LOCAL SUBJECT ADDED ENTRY--TOPICAL TERM (OCLC, RLIN)
Topical term or geographic name as entry element PROPERTY-LANDLORD AND TENANT
942 ## - ADDED ENTRY ELEMENTS (KOHA)
Suppress in OPAC 0
Holdings
Withdrawn status Lost status Source of classification or shelving scheme Damaged status Not for loan Home library Current library Shelving location Date acquired Total Checkouts Full call number Barcode Date last seen Copy number Price effective from Koha item type
    Dewey Decimal Classification     London London News article 31/05/2001   WB3721-13 112887-1001 06/08/2019 1 06/08/2019 News article